Nová norma ISO pro průzkum trhu
Prieskum trhu je rýchlo rastúcim globálnym odborom. Posúdenie jeho služieb napomôže nová norma ISO 20252, ktorá štandardizuje požiadavky na odborných pracovníkov a organizácie v oblasti prieskumu trhu. Proces vzniku budúcej medzinárodnej normy ISO 20252. Zdôvodnenie štandardizácie. Štandardizácia v...
Enregistré dans:
| Auteur principal: | |
|---|---|
| Autres auteurs: | |
| Format: | Chapitre de livre |
| Langue: | tchèque |
| Sujets: | |
| Tags: |
Pas de tags, Soyez le premier à ajouter un tag!
|
MARC
| LEADER | 00000naa$a2200000$$$4500 | ||
|---|---|---|---|
| 001 | 0029005 | ||
| 005 | 20230524133305.5 | ||
| 041 | 0 | |a cze | |
| 044 | |a CZ | ||
| 245 | 1 | 0 | |a Nová norma ISO pro průzkum trhu |c Irene Rodriguez Gayo, Enrique Domingo de Blas |
| 520 | |a Prieskum trhu je rýchlo rastúcim globálnym odborom. Posúdenie jeho služieb napomôže nová norma ISO 20252, ktorá štandardizuje požiadavky na odborných pracovníkov a organizácie v oblasti prieskumu trhu. Proces vzniku budúcej medzinárodnej normy ISO 20252. Zdôvodnenie štandardizácie. Štandardizácia v sektore služieb. | ||
| 610 | 2 | 0 | |a prieskum trhu |
| 610 | 2 | 0 | |a štandardy |
| 610 | 2 | 0 | |a normy medzinárodné |
| 610 | 2 | 0 | |a globalizácia |
| 610 | 2 | 0 | |a služby |
| 610 | 2 | 0 | |a štandardizácia |
| 610 | 2 | 0 | |a ISO 20252 |
| 100 | 1 | |a Gayo, Irene Rodriguez | |
| 700 | 1 | |a Blas, Enrique Domingo de | |